MARC details
| 000 -LEADER |
| fixed length control field |
03934nam a22004335i 4500 |
| 005 - DATE AND TIME OF LATEST TRANSACTION |
| control field |
20230718140440.0 |
| 006 - FIXED-LENGTH DATA ELEMENTS--ADDITIONAL MATERIAL CHARACTERISTICS |
| fixed length control field |
m|||||o||d|||||||| |
| 007 - PHYSICAL DESCRIPTION FIXED FIELD--GENERAL INFORMATION |
| fixed length control field |
cr || |||||||| |
| 008 - FIXED-LENGTH DATA ELEMENTS--GENERAL INFORMATION |
| fixed length control field |
220629t20222020stk fo d z eng d |
| 020 ## - INTERNATIONAL STANDARD BOOK NUMBER |
| International Standard Book Number |
9781474447027 |
| 040 ## - CATALOGING SOURCE |
| Original cataloging agency |
DE-B1597 |
| Language of cataloging |
eng |
| Transcribing agency |
DE-B1597 |
| Description conventions |
rda |
| 041 0# - LANGUAGE CODE |
| Language code of text/sound track or separate title |
eng |
| 084 ## - OTHER CLASSIFICATION NUMBER |
| Classification number |
MG 70086 |
| Assigning agency |
SEPA |
| Number source |
rvk |
| 100 1# - MAIN ENTRY--PERSONAL NAME |
| Personal name |
Harrington, Clodagh, |
| Relator term |
author. |
| Relator code |
aut |
| -- |
http://id.loc.gov/vocabulary/relators/aut |
| 245 10 - TITLE STATEMENT |
| Title |
Obama v. Trump : |
| Remainder of title |
The Politics of Presidential Legacy and Rollback / |
| Statement of responsibility, etc. |
Clodagh Harrington, Alex Waddan. |
| 264 #1 - PRODUCTION, PUBLICATION, DISTRIBUTION, MANUFACTURE, AND COPYRIGHT NOTICE |
| Place of production, publication, distribution, manufacture |
Edinburgh : |
| Name of producer, publisher, distributor, manufacturer |
Edinburgh University Press, |
| Date of production, publication, distribution, manufacture, or copyright notice |
[2022] |
| 264 #4 - PRODUCTION, PUBLICATION, DISTRIBUTION, MANUFACTURE, AND COPYRIGHT NOTICE |
| Date of production, publication, distribution, manufacture, or copyright notice |
©2020 |
| 300 ## - PHYSICAL DESCRIPTION |
| Extent |
1 online resource (240 p.) |
| 336 ## - CONTENT TYPE |
| Content type term |
text |
| Content type code |
txt |
| Source |
rdacontent |
| 337 ## - MEDIA TYPE |
| Media type term |
computer |
| Media type code |
c |
| Source |
rdamedia |
| 338 ## - CARRIER TYPE |
| Carrier type term |
online resource |
| Carrier type code |
cr |
| Source |
rdacarrier |
| 347 ## - DIGITAL FILE CHARACTERISTICS |
| File type |
text file |
| Encoding format |
PDF |
| Source |
rda |
| 490 0# - SERIES STATEMENT |
| Series statement |
New Perspectives on the American Presidency : NPAP |
| 505 00 - FORMATTED CONTENTS NOTE |
| Title |
Frontmatter -- |
| -- |
Contents -- |
| -- |
Acknowledgments -- |
| -- |
1. Introduction: Presidential legacy in the era of Obama and Trump -- |
| -- |
2. A "hard" legacy, under pressure -- |
| -- |
3. An uncertain "soft" legacy, under fire -- |
| -- |
4. America and the world -- |
| -- |
5. Exercising presidential power -- |
| -- |
6. Public communication and vision -- |
| -- |
7. Conclusion: From "Renegade" to "Mogul" -- |
| -- |
Index |
| 506 0# - RESTRICTIONS ON ACCESS NOTE |
| Standardized terminology for access restriction |
unrestricted online access |
| Source of term |
star |
| 520 ## - SUMMARY, ETC. |
| Summary, etc. |
Examines how Trump's election as President signals a rollback of the Obama yearsEstablishes what can be regarded as Obama's legacy, in both domestic and foreign policy Investigates how far the Trump administration (up to the end of 2019) undoes Obama's legacyFocuses on meaningful shifts in presidential priorities, policy changes, and the imprint of presidential leadershipCase studies on specific policy areas where presidential 'undoing' has had a significant impact or has been thwarted, such as healthcare reform and immigration policyIn 2008, in what seemed a seminal moment for the country's politics, the United States elected an African American as President. Yet, eight years later, the nation put Donald Trump - the very antithesis of his predecessor - in office. This book determines what can legitimately be regarded as the legacy of the Obama presidency and investigates how far the Trump administration has reversed it. The analysis is embedded in a historical context, based on examination and scrutiny of how, and how successfully, presidents in the modern era have overturned the work of their predecessor when they have attempted to do so. The authors focus on meaningful priority shifts, policy changes and the imprint of presidential leadership, providing a framework for assessing Obama's legacy, which in turn affords context to a discussion of the Trump administration's capacity to fulfil its promise to reverse the direction taken by the Obama White House. Looking beyond the noise and hyperbole, the book examines how robust the Obama legacy has proved to be in the face of Trump's challenge. |
| 538 ## - SYSTEM DETAILS NOTE |
| System details note |
Mode of access: Internet via World Wide Web. |
| 540 ## - TERMS GOVERNING USE AND REPRODUCTION NOTE |
| Terms governing use and reproduction |
This eBook is made available Open Access under a CC BY-NC 4.0 license: |
| Uniform Resource Identifier |
<a href="https://creativecommons.org/licenses/by-nc/4.0 ">https://creativecommons.org/licenses/by-nc/4.0 </a> |
| -- |
<a href="https://www.degruyter.com/dg/page/open-access-policy">https://www.degruyter.com/dg/page/open-access-policy</a> |
| 546 ## - LANGUAGE NOTE |
| Language note |
In English. |
| 588 0# - SOURCE OF DESCRIPTION NOTE |
| Source of description note |
Description based on online resource; title from PDF title page (publisher's Web site, viewed 29. Jun 2022) |
| 650 #4 - SUBJECT ADDED ENTRY--TOPICAL TERM |
| Topical term or geographic name entry element |
Politics. |
| 650 #7 - SUBJECT ADDED ENTRY--TOPICAL TERM |
| Topical term or geographic name entry element |
POLITICAL SCIENCEÂ / American Government / Legislative Branch. |
| Source of heading or term |
bisacsh |
| 700 1# - ADDED ENTRY--PERSONAL NAME |
| Personal name |
Waddan, Alex, |
| Relator term |
author. |
| Relator code |
aut |
| -- |
http://id.loc.gov/vocabulary/relators/aut |
| 776 0# - ADDITIONAL PHYSICAL FORM ENTRY |
| Qualifying information |
print |
| International Standard Book Number |
9781474447003 |
| 856 40 - ELECTRONIC LOCATION AND ACCESS |
| Uniform Resource Identifier |
<a href="https://doi.org/10.1515/9781474447027">https://doi.org/10.1515/9781474447027</a> |
| Public note |
Open Access |
| -- |
0 |
| 856 40 - ELECTRONIC LOCATION AND ACCESS |
| Uniform Resource Identifier |
<a href="https://www.degruyter.com/isbn/9781474447027">https://www.degruyter.com/isbn/9781474447027</a> |
| Public note |
Open Access |
| -- |
0 |
| 856 42 - ELECTRONIC LOCATION AND ACCESS |
| Materials specified |
Cover |
| Uniform Resource Identifier |
<a href="https://www.degruyter.com/document/cover/isbn/9781474447027/original">https://www.degruyter.com/document/cover/isbn/9781474447027/original</a> |
| 942 ## - ADDED ENTRY ELEMENTS (KOHA) |
| Koha item type |
E-Book |